Famous spanish people - Statistics

General Stats
  • This quiz has been taken 113 times
  • The average score is 10 of 16
Answer Stats
Picture Answer % Correct
Rosalía
88%
Antonio Banderas
86%
Sergio Ramos
86%
Rafa Nadal
85%
Santiago Segura
81%
Belén Esteban
79%
Mario Casas
79%
Pau Gasol
74%
Elsa Pataky
64%
Carolina Marín
57%
José Coronado
54%
Belén Rueda
49%
J.A.Bayona
45%
María Isabel
44%
Andrés Velencoso
25%
Isabel Coixet
23%
No matching quizzes found
Score Distribution
Percent of People with Each Score
Percentile by Number Answered
Your Score History
You have not taken this quiz